Empezar de nuevo: Chile después de la UP

Gespeichert in:
Bibliographische Detailangaben
1. Verfasser: Orrego Vicuña, Claudio (autor)
Format: Buch
Sprache:Spanisch
Veröffentlicht: Santiago Editorial Del Pacífico 1972
Ausgabe:1a. ed
Schlagworte:
Tags: Tag hinzufügen
Keine Tags, Fügen Sie den ersten Tag hinzu!

MARC

LEADER 00000nam a2200000 a 4500
001 UCJ5268
003 CL-VaPUC
008 070124e19720815CL |||||||||||||||||spa|d
082 0 4 |a 983  |b ORR  |2 21 
100 |a Orrego Vicuña, Claudio  |e autor  |9 401892 
245 1 0 |a Empezar de nuevo: Chile después de la UP 
250 |a 1a. ed 
300 |a 238 p 
942 |c BK 
945 |d 20070124 00:00:00  |a rinostro 
260 |a Santiago  |b Editorial Del Pacífico  |c 1972 
600 0 |a Allende Gossens, Salvador,   |d 1908-1973  |9 257222 
650 0 |a Presidentes de Chile  |9 268293 
650 7 |a CRISIS POLITICA  |2 CL-VaPUC  |9 327740 
650 7 |a MARXISMO  |2 CL-VaPUC  |9 510269 
650 0 |a Lucha de clases  |9 403122 
650 0 |a Partidos políticos  |9 254999 
583 |a last modification  |c 20070124 00:00:00  |k Rodrigo Vera 
999 |c 321378  |d 321376 
952 |0 0  |1 0  |4 0  |6 983_000000000000000_ORR_1972  |7 0  |8 X  |9 400101  |a FDOBUD  |b FDOBUD  |d 2019-11-22  |i 1032224  |o 983 ORR 1972  |p 1032224  |r 2019-11-22  |w 2019-11-22  |y BK_X  |k BUD